000 01100nam a2200229 a 4500
001 57562
003 BD-RjUL
005 20211209080528.0
008 161210s1987 ii ||||| |||| 00| 0 ben d
035 _a(BD-RjUL)57686
040 _aBD-RjUL
_bben
_cBD-RjUL
_dBD-RjUL
041 _aben
082 _223
_a891.44095405
_bBHU 1987
100 _aবন্দোপাধ্যায়, মনীন্দ্রনাথ
_9170934
245 1 0 _aঊনবিংশ শতাব্দীর সভাসমিতি /
_cমনীন্দ্রনাথ বন্দোপাধ্যায় ও সন্তোস কুমার দে
260 _aকলিকাতা :
_bদেজ পাবলিশিং,
_c১৯৮৭.
300 _a৫৬ পৃ. ;
_c২২ সেমি.
650 _aবাংলা সাহিত্য
_zভারত
_vইতিহাস ও সমালোচনা
_xসাময়িকী
_9170935
650 _aBengali literature
_zIndia
_vHistory and Criticism
_xPeriodicals
_9170936
700 _aদে, সন্তোস কুমার
_9170937
942 _2ddc
_cBK
999 _c57562
_d57562